header

Renormalization methods (Record no. 39158)

MARC details
000 -LEADER
fixed length control field 01192nam a2200301Ia 4500
100 1# - MAIN ENTRY--AUTHOR NAME
Personal name McComb, W. D.
245 10 - TITLE STATEMENT
Title Renormalization methods
260 ## - PUBLICATION, DISTRIBUTION, ETC. (IMPRINT)
Place of publication Oxford :
Name of publisher Oxford University Press,
Year of publication 2007.
300 ## - PHYSICAL DESCRIPTION
Number of Pages xviii, 330 p. :
Other physical details ill.
500 ## - GENERAL NOTE
General note Originally published: 2004.
650 #0 - SUBJECT ADDED ENTRY--TOPICAL TERM
Topical Term Renormalization (Physics)
Topical Term Quantum field theory.
856 40 - ELECTRONIC LOCATION AND ACCESS
Uniform Resource Identifier http://site.ebrary.com/lib/rucke/Doc?id=10229894

No items available.

© 2026 Rongo University
Contact us: librarian | system librarian | Rongo university